000 00408nam a2200133Ia 4500
008 231129s9999||||xx |||||||||||||| ||spa||
020 _a968-6046-99-2
040 _bspa
082 _a651.75 R741 (EN PROCESO DE DESCARTE)
100 _aRojas Demostenes
245 0 _aRedaccion comercial
264 _aBogotá (Colombia) : McGraw-Hill Latinoamericana
942 _2ddc
_cBKS
999 _c23801
_d23801